Art has many faces : The nature of art presented visually (Record no. 24481)

MARC details
000 -LEADER
fixed length control field 00416nam a2200145Ia 4500
005 - DATE AND TIME OF LATEST TRANSACTION
control field 20240821151438.0
008 - FIXED-LENGTH DATA ELEMENTS--GENERAL INFORMATION
fixed length control field 240821s9999||||xx |||||||||||||| ||und||
082 ## - DEWEY DECIMAL CLASSIFICATION NUMBER
Classification number 700 KUH
100 ## - MAIN ENTRY--PERSONAL NAME
Personal name Kuh, Katharine
245 #0 - TITLE STATEMENT
Title Art has many faces : The nature of art presented visually
260 ## - PUBLICATION, DISTRIBUTION, ETC.
Place of publication, distribution, etc. New York
Name of publisher, distributor, etc. Harper & Row Pub.
Date of publication, distribution, etc. 1951
300 ## - PHYSICAL DESCRIPTION
Extent 185p
650 ## - SUBJECT ADDED ENTRY--TOPICAL TERM
Topical term or geographic name entry element Arts, crafts, music, sports and recreations
942 ## - ADDED ENTRY ELEMENTS (KOHA)
Koha item type Book

No items available.